000 01122cam a2200325 a 4500
001 2851
003 FISKH
005 20240117151138.0
008 100428s2011 nyu c 000 1 eng
010 _a 2010017221
020 _a9780061989254 (trade bdg.)
040 _aDLC
_cDLC
_dDLC
_beng
042 _alcac
_apcc
050 0 0 _aPZ7.C4336
_bSe 2011
082 0 0 _a[Fic]
_222
100 1 _aChick, Bryan.
245 1 0 _aSecrets and shadows /
_cBryan Chick.
250 _aThis edition published in 2011
260 _aNew York :
_bHarper Collins,
_c2010
300 _a310 pages ;
_c20 cm
490 0 _aThe secret zoo
520 _aNoah and his friends in the Secret Society join forces with four teens known as the Descenders to try to protect the Secret Zoo hidden below the Clarksville City Zoo from monstrous sasquatches and the evil Shadow Master.
650 1 _aMystery and detective stories.
650 1 _aZoos
_vFiction.
650 1 _aZoo animals
_vFiction.
650 1 _aSasquatch
_vFiction.
650 1 _aFriendship
_vFiction.
906 _a7
_bcbc
_corignew
_d1
_eecip
_f20
_gy-gencatlg
942 _2ddc
_cBK
_n0
999 _c2851
_d2851